[Event "NED-ch U18"]
[Site "Almelo"]
[Date "2021.08.01"]
[Round "1"]
[White "Broersma, Sven"]
[Black "Van Foreest, Machteld"]
[Result "0-1"]
[WhiteElo "1710"]
[BlackElo "2161"]
[PlyCount "68"]
[EventDate "2021.08.01"]
[EventType "swiss"]
[EventRounds "7"]
[EventCountry "NED"]
[SourceTitle "CBM 203 Extra"]
[Source "ChessBase"]
[SourceDate "2021.09.30"]
[SourceVersion "1"]
[SourceVersionDate "2021.09.30"]
[SourceQuality "1"]

1. d4 d5 2. Nf3 Nf6 3. c4 c6 4. e3 e6 5. Nc3 Nbd7 6. Bd2 Be7 7. Bd3 dxc4 8. Bxc4 b5 9. Bd3 0-0 10. Rc1 Bb7 11. 0-0 a6 12. Qe2 c5 13. Rfd1 Qb6 14. dxc5 Nxc5 15. Bc2 Rfd8 16. b4 Nce4 17. Nxe4 Nxe4 18. Be1 Bd5 19. Bb3 Bxb3 20. axb3 Bf6 21. Qc2 Rxd1 22. Rxd1 Qb7 23. Rd3 Rc8 24. Qd1 h6 25. Nd4 Be7 26. Ne2 Qb6 27. Ng3 Nxg3 28. hxg3 Bf6 29. Kh2 Qc7 30. Kg1 Qe5 31. Kf1 Qb2 32. Qd2 Qb1 33. Qd1 Rc1 34. Qd2 Rxe1+ 0-1

[Event "Groningen op-B 57th"]
[Site "Groningen"]
[Date "2019.12.28"]
[Round "7"]
[White "Broersma, Sven"]
[Black "Arnold, Frieda"]
[Result "0-1"]
[WhiteElo "1627"]
[BlackElo "1840"]
[PlyCount "46"]
[EventDate "2019.12.21"]
[EventType "swiss"]
[EventRounds "9"]
[EventCountry "NED"]
[SourceTitle "CBM 194 Extra"]
[Source "ChessBase"]
[SourceDate "2020.03.31"]
[SourceVersion "1"]
[SourceVersionDate "2020.03.31"]
[SourceQuality "1"]

1. d4 Nf6 2. c4 c5 3. d5 b5 4. cxb5 a6 5. bxa6 g6 6. Nc3 Bg7 7. e4 d6 8. Nf3 0-0 9. h3 Qa5 10. Bd2 Bxa6 11. Bxa6 Qxa6 12. Qe2 Qb6 13. Be3 Qb4 14. a3 Qb7 15. 0-0 Nbd7 16. Qc2 Rfc8 17. Rfb1 c4 18. b3 cxb3 19. Rxb3 Qa6 20. Nd4 Nc5 21. Nc6 Nxb3 22. Qxb3 Nxe4 23. Nxe7+ Kh8 0-1